000 00720nam a2200193 a 4500
001 BRCA_2097
005 20190320203652.0
008 110808s1990----mx-a---###---#000-0#spa-#
050 4 _aF1391.P8
_b.L43 39
_c1990
100 1 _aGonzález Peña, Carlos
_d1885-1955
_96366
245 1 0 _aUn idilio roto
_cCarlos González Peña.
260 _aPuebla, México
_bGobierno del Estado de Puebla : Secretaría de Cultura : Comisión Puebla V Centenario
_c1990
300 _a48 p.
_bil.
_c21 cm.
440 0 _aLecturas Históricas de Puebla
_n39
_96367
651 4 _aPuebla (México)
_xHistoria
_9409
651 4 _aPuebla (México)
_xLecturas históricas
_96338
651 4 _aPuebla (México)
_xLiteratura mexicana
_96368
942 _2lcc
_cB
999 _c1854
_d1854